| 000 | 00408nam a2200133 i 4500 | ||
|---|---|---|---|
| 001 | bg | ||
| 245 | 1 | 0 |
_aStan melioracji w Polsce i kierunki dalszego działania : _bmateriały ekspertyzy naukowej gospodarki paszowej... |
| 260 |
_aWarszawa, _c1989. |
||
| 830 | _aZeszyty Problemowe Postępów Nauk Rolniczych ; | ||
| 040 | _cBPK | ||
| 041 | _apol | ||
| 942 | _cKS | ||
| 008 | s pl f |000 0 pol | ||
| 999 |
_c28965 _d28965 |
||
| 856 |
_uhttp://koha.tu.koszalin.pl/cgi-bin/koha/opac-detail.pl?biblionumber=28965 _yKatalog online BPK |
||